000 00921nam a2200277Ia 4500
003 OSt
005 20221005111114.0
006 a|||||r|||| 00| 0
007 ta
008 221004b |||||||| |||| 00| 0 hin d
020 _a8270555728 (hbk)
_c175
024 _a11875
037 _b326, 20/03/2014, Vani Prakashan
_cTextual
040 _aCRL
_cCRL
_bhin
041 _2hin
_ahin
082 _aO152,1NNAx, N7;Q2
100 _aनागार्जुन
245 0 _aअपने खेत में
246 _aApane khet mean
250 _a2 संस्करण
260 _aनई दिल्ली
_bवाणी प्रकाशन भारत
_c2012
300 _a63पृ0
_ccm.
650 _aहिन्दी साहित्य
942 _hO152,1NNAx, N7;Q2
_cTEXL
_2cc
999 _c1020833
_d1020833